| 000 | 02115nam a2200445 i 4500 | ||
|---|---|---|---|
| 001 | ebr10800685 | ||
| 003 | CaPaEBR | ||
| 006 | m o d | ||
| 007 | cr cn||||||||| | ||
| 008 | 130325t20132013ilua ob 001 0deng|d | ||
| 020 | _z9780809332885 (cloth : alk. paper) | ||
| 020 | _z0809332884 (cloth : alk. paper) | ||
| 020 | _a9780809332892 (e-book) | ||
| 040 |
_aCaPaEBR _beng _erda _epn _cCaPaEBR |
||
| 035 | _a(OCoLC)868980098 | ||
| 043 | _an-us--- | ||
| 050 | 1 | 4 |
_aE457.2 _b.H336 2013eb |
| 082 | 0 | 4 |
_a973.7092 _223 |
| 100 | 1 |
_aHarris, William C. _q(William Charles), _d1933- |
|
| 245 | 1 | 0 |
_aLincoln and the union governors / _cWilliam C. Harris. |
| 264 | 1 |
_aCarbondale : _bSouthern Illinois University Press, _c2013. |
|
| 264 | 4 | _c�2013 | |
| 300 |
_a1 online resource (184 pages) : _billustrations. |
||
| 336 |
_atext _2rdacontent |
||
| 337 |
_acomputer _2rdamedia |
||
| 338 |
_aonline resource _2rdacarrier |
||
| 440 | 0 | _aConcise Lincoln library | |
| 504 | _aIncludes bibliographical references and index. | ||
| 505 | 0 | _aThe secession crisis -- The call to arms -- The war becomes hard -- The Altoona Conference -- Governor Seymour and the Copperhead threat -- The union triumphant. | |
| 588 | _aDescription based on print version record. | ||
| 590 | _aElectronic reproduction. Palo Alto, Calif. : ebrary, 2013. Available via World Wide Web. Access may be limited to ebrary affiliated libraries. | ||
| 600 | 1 | 0 |
_aLincoln, Abraham, _d1809-1865 _xRelations with governors. |
| 650 | 0 |
_aGovernors _zUnited States _xHistory _y19th century. |
|
| 651 | 0 |
_aUnited States _xHistory _yCivil War, 1861-1865 _xPolitical aspects. |
|
| 651 | 0 |
_aUnited States _xPolitics and government _y1861-1865. |
|
| 655 | 0 | _aElectronic books. | |
| 776 | 0 | 8 |
_iPrint version: _aHarris, William C. _tLincoln and the union governors. _dCarbondale : Southern Illinois University Press, 2013 _h163 pages _kConcise Lincoln library _z9780809332885 _w(DLC) 2013010556 |
| 797 | 2 | _aebrary. | |
| 856 | 4 | 0 |
_uhttp://site.ebrary.com/lib/rucke/Doc?id=10800685 _zAn electronic book accessible through the World Wide Web; click to view |
| 999 |
_c140447 _d140447 |
||